Microsoft Excel 2010 : (Record no. 49166)
[ view plain ]
| 000 -LEADER | |
|---|---|
| fixed length control field | 01318nam a22002897a 4500 |
| 005 - DATE AND TIME OF LATEST TRANSACTION | |
| control field | 20101214143750.0 |
| 008 - FIXED-LENGTH DATA ELEMENTS--GENERAL INFORMATION | |
| fixed length control field | 101214t xxu||||| |||| 00| 0 eng d |
| 010 ## - LCCN (DPL NO) | |
| LC control number | ENG-101807 |
| 020 ## - INTERNATIONAL STANDARD BOOK NUMBER | |
| International Standard Book Number | 9788120341432 |
| Terms of availability | 395.00 |
| 035 ## - SYSTEM CONTROL NUMBER | |
| System control number | EN-85340 |
| 037 ## - SOURCE OF ACQUISITION | |
| Source of stock number/acquisition | DBAD/PUB |
| 040 ## - CATALOGING SOURCE | |
| Original cataloging agency | DPL |
| Language of cataloging | Eng |
| 082 ## - DEWEY DECIMAL CLASSIFICATION NUMBER | |
| Classification number | 005.54 |
| 100 ## - MAIN ENTRY--PERSONAL NAME | |
| 9 (RLIN) | 21837 |
| Personal name | Frye, Curtis D. |
| 245 ## - TITLE STATEMENT | |
| Title | Microsoft Excel 2010 : |
| Statement of responsibility, etc | by Curtis D. Frye |
| Remainder of title | step by step / |
| 260 ## - PUBLICATION, DISTRIBUTION, ETC. (IMPRINT) | |
| Place of publication, distribution, etc | New Delhi |
| Name of publisher, distributor, etc | PHI Learning |
| Date of publication, distribution, etc | 2011 |
| 270 ## - ADDRESS | |
| Address | M-97, Connaught Circus |
| City | New Delhi |
| Postal code | 110001 |
| 300 ## - PHYSICAL DESCRIPTION | |
| Extent | xli, 436 p. : |
| Dimensions | 24cm (pbk) |
| Other physical details | ill |
| 500 ## - GENERAL NOTE | |
| General note | "Write formulas, calculate values, and organize results; visualize data with graphics, charts, and diagrams; use filters to zero in on the most-relevant data; analyze data dynamically with PivotTables; exchange data with other Microsoft Office applications; create templates and macros to save time"--P. [4] of cover. |
| 500 ## - GENERAL NOTE | |
| General note | Includes index. |
| 630 ## - SUBJECT ADDED ENTRY--UNIFORM TITLE | |
| Uniform title | Microsoft Excel (Computer file) |
| 650 ## - SUBJECT ADDED ENTRY--TOPICAL TERM | |
| 9 (RLIN) | 21838 |
| Topical term or geographic name as entry element | Business |
| General subdivision | Computer programs. |
| 650 ## - SUBJECT ADDED ENTRY--TOPICAL TERM | |
| 9 (RLIN) | 21839 |
| Topical term or geographic name as entry element | Electronic spreadsheets. |
| 700 ## - ADDED ENTRY--PERSONAL NAME | |
| 9 (RLIN) | 21841 |
| 942 ## - ADDED ENTRY ELEMENTS (KOHA) | |
| Source of classification or shelving scheme | Dewey Decimal Classification |
| Item type | English Books |
| Call number suffix | FRY |
| Classification part | 005.54 |
| Withdrawn status | Lost status | Source of classification or shelving scheme | Damaged status | Not for loan | Collection code | Home library | Current library | Date acquired | Source of acquisition | Cost, normal purchase price | Total Checkouts | Full call number | Barcode | Date last seen | Copy number | Cost, replacement price | Koha item type |
|---|---|---|---|---|---|---|---|---|---|---|---|---|---|---|---|---|---|
| Dewey Decimal Classification | Not For Loan | Non-fiction | D.B.Act.Division | D.B.Act.Division | 14/12/2010 | DBAD/PUB | 395.00 | 005.54 FRY | EN-85340 | 14/12/2010 | 1 | 395.00 | English Books |
